| 000 | 00725nam a2200265Ia 4500 | ||
|---|---|---|---|
| 003 | OSt | ||
| 005 | 20221005045709.0 | ||
| 006 | a|||||r|||| 00| 0 | ||
| 007 | ta | ||
| 008 | 221004b |||||||| |||| 00| 0 ben d | ||
| 020 | _cIndian Rupees 40 | ||
| 024 | _a39322 | ||
| 037 |
_bGift, 12/09/2018, _cTextual |
||
| 040 |
_aCRL _cCRL _bben |
||
| 041 |
_2ben _aben |
||
| 082 | _aO157,1NA2x, N4 | ||
| 100 |
_aAziz Mohibul _9593922 |
||
| 245 | 0 | _aSantiago'r machh | |
| 260 |
_aKolkata _bGutenberg India _c1994 |
||
| 300 |
_a48p. _ccm. |
||
| 650 | _a BENGALI POETRY | ||
| 650 | _aBENGALI LITERATURE | ||
| 942 |
_hO157,1NA2x, N4 _cTEXL _2cc |
||
| 999 |
_c955564 _d955564 |
||